000 00451nam a2200193Ia 4500
008 240510s9999 xx 000 0 und d
020 _a0000201114585
041 _aEng
082 _a005.133
082 _bC55
100 _aFRANZ INC.
245 0 _aCommon Lisp : the reference
260 _bReading, Mass : Addison - Wesley
260 _c1988
300 _a899 p.
650 _aLISP : Programming languages
942 _2ddc
942 _cLBK
999 _c24901
_d24901
945 _a1
_bMadushi Gamage
_c1
_dMadushi Gamage